Oro y sangre
Uloženo v:
| Hlavní autor: | |
|---|---|
| Médium: | Kniha |
| Jazyk: | španělština |
| Vydáno: |
Santiago
Del Pacífico S. A
1974
|
| Edice: | Alta Mar
|
| Témata: | |
| Tagy: |
Přidat tag
Žádné tagy, Buďte první, kdo vytvoří štítek k tomuto záznamu!
|
MARC
| LEADER | 00000cam a2200000 a 4500 | ||
|---|---|---|---|
| 001 | UCF5982 | ||
| 003 | CL-VaPUC | ||
| 008 | 130404e19741000CL |||||||||||||||||spa|d | ||
| 082 | 0 | 4 | |a Ch863 |b BUN |2 21 |
| 100 | 0 | |a Bunster, Enrique |e author |9 568023 | |
| 245 | 1 | 0 | |a Oro y sangre |
| 300 | |a 338 p | ||
| 942 | |c BK | ||
| 945 | |d 20130404 00:00:00 |a dcastane | ||
| 260 | |a Santiago |b Del Pacífico S. A |c 1974 | ||
| 650 | 0 | |a Novelas chilenas |9 265425 | |
| 650 | 0 | |a Novelas históricas |9 342315 | |
| 650 | 0 | |a Literatura chilena |9 308278 | |
| 583 | |a last modification |c 20130404 09:53:00 |k Rodrigo Vera | ||
| 490 | 0 | |a Alta Mar | |
| 999 | |c 351375 |d 351373 | ||
| 952 | |0 0 |1 0 |4 0 |6 CH_863_000000000000000_BUN_1974 |7 0 |8 A |9 455424 |a BIBHIS |b BIBHIS |d 2019-11-22 |i 4960777 |o Ch863 BUN 1974 |p 4960777 |r 2025-01-20 |w 2019-11-22 |y BK |k HIS | ||